Art and visual culture 1857-2007/ (Record no. 62650)
[ view plain ]
| 000 -LEADER | |
|---|---|
| fixed length control field | 01170naa a2200253 4500 |
| 005 - DATE AND TIME OF LATEST TRANSACTION | |
| control field | 20080924111043.0 |
| 010 ## - LCCN (DPL NO) | |
| LC control number | B-453659-660 |
| 020 ## - INTERNATIONAL STANDARD BOOK NUMBER | |
| International Standard Book Number | 8185026920 |
| Terms of availability | 3500.00 |
| 020 ## - INTERNATIONAL STANDARD BOOK NUMBER | |
| International Standard Book Number | 9788185026923 |
| Terms of availability | 3500.00 |
| 035 ## - SYSTEM CONTROL NUMBER | |
| System control number | B-453659-660 |
| 037 ## - SOURCE OF ACQUISITION | |
| Source of stock number/acquisition | R.B.C/Ven |
| 082 ## - DEWEY DECIMAL CLASSIFICATION NUMBER | |
| Classification number | 700.954 |
| 245 ## - TITLE STATEMENT | |
| Title | Art and visual culture 1857-2007/ |
| Statement of responsibility, etc | ed by Gayatri Sinha |
| 260 ## - PUBLICATION, DISTRIBUTION, ETC. (IMPRINT) | |
| Place of publication, distribution, etc | Mumbai |
| Name of publisher, distributor, etc | Marg Publications |
| Date of publication, distribution, etc | 2009 |
| 270 ## - ADDRESS | |
| Address | National Centre for the Performing Arts,24, Homi Mody Street, |
| City | Mumbay |
| Postal code | 400001 |
| 300 ## - PHYSICAL DESCRIPTION | |
| Extent | 335p. |
| Dimensions | 31cm.(Hb) |
| 500 ## - GENERAL NOTE | |
| General note | Includes index |
| 610 ## - SUBJECT ADDED ENTRY--CORPORATE NAME | |
| Corporate name or jurisdiction name as entry element | International Labour Organisation |
| 700 ## - ADDED ENTRY--PERSONAL NAME | |
| Personal name | Gayatri Sinha |
| 9 (RLIN) | 41731 |
| 942 ## - ADDED ENTRY ELEMENTS (KOHA) | |
| Institution code [OBSOLETE] | dpl |
| Item type | English Books |
| Source of classification or shelving scheme | Dewey Decimal Classification |
| Call number suffix | ART |
| Classification part | 700.954 |
| Withdrawn status | Lost status | Not for loan | Collection code | Home library | Current library | Date acquired | Source of acquisition | Cost, normal purchase price | Full call number | Barcode | Copy number | Cost, replacement price | Koha item type |
|---|---|---|---|---|---|---|---|---|---|---|---|---|---|
| Not For Loan | Reference | Central Library | Central Library | 22/02/2012 | RBC Pub/26661/08.10.2011/76/04.3.11/29.11.11 | 3500.00 | 700.954 ART | B-453659 | 1 | 3500.00 | English Books | ||
| Not For Loan | Reference | Sarojini Nagar | Sarojini Nagar | 22/02/2012 | RBC Pub/26661/08.10.2011/76/04.3.11/29.11.11 | 3500.00 | 700.954 ART | B-453660 | 1 | 3500.00 | English Books |
